LEADER 03367nam 2200613 450 001 9910214951203321 005 20220923210108.0 010 $a2-8218-8263-7 010 $a2-7018-0502-3 024 7 $a10.4000/books.cfee.771 035 $a(CKB)3710000000618940 035 $a(NjHacI)993710000000618940 035 $a(FrMaCLE)OB-cfee-771 035 $a(oapen)https://directory.doabooks.org/handle/20.500.12854/53053 035 $a(PPN)202675181 035 $a(EXLCZ)993710000000618940 100 $a20220923d2014 uy 0 101 0 $afre 135 $aur||||||||||| 181 $ctxt$2rdacontent 182 $cc$2rdamedia 183 $acr$2rdacarrier 200 10$aMe?galithisme dans le Chercher en Ethiopie$hVolume 4 /$fRoger Joussaume 205 $aFirst edition. 210 $cCentre français des études éthiopiennes$d2014 210 1$a[Paris] ; Addis Abeba :$cEditions de Boccard,$d2014. 215 $a1 online resource (202 pages) $cillustrations 225 1 $aAnnales d'E?thiopie - Hors se?rie du centre franc?ais des e?tudes e?thiopiennes ;$vVolume 4 311 $a2-7018-0354-3 320 $aIncludes bibliographical references and index. 330 $aDans cette nouvelle édition, revue et augmentée du Mégalitisme en Éthiopie. Monuments funéraires protohistoriques du Harar (Museum d'histoire naturelle, 1974), Roger Joussaume étudie les monuments mégalithiques des montagnes du Chercher en Éthiopie. Bien qu'extrêmement répandus, ces derniers restent assez méconnus. Il en existe deux types, que l'auteur étudie sur la base de missions archéologiques menées au début des années 1970: les cistes dolméniques ou daga kofiya, datées du IIe millénaire avant J.-C., et que certains rapprochent de monuments érigés à la même époque au Yémen; les tumulus ou daga tuli, qui ont été construits entre le VIIe et le XIIe siècle et semblent proches des tumulus propres à la culture Shay. S'y ajoutent des hypogées et des tombes en puits, très répandus dans les diverses cultures éthiopiennes, et des sites muraillés situés sur les hauteurs du Chercher qui n'ont quasi jamais donné lieu à des recherches spécifiques. Si de nombreuses interrogations subsistent à propos de ces mégalithes, les recherches de Roger Joussaume permettent de mieux saisir la richesse et la diversité des cultures éthiopiennes. À travers l'étude des différents types de monuments funéraires, c'est tout un ensemble complexe d'échanges de biens, de pratiques, de savoir-faire et de populations que l'auteur met en évidence. 410 0$aAnnales d'E?thiopie - Hors se?rie du centre franc?ais des e?tudes e?thiopiennes ;$vVolume 4. 606 $aExcavations (Archaeology) 606 $aAntiquities 606 $aTombs 606 $aMegalithic monuments 610 $amoyen Âge 610 $amégalithisme 610 $aÉthiopie 610 $aarchéologie 610 $achercher 610 $apréhistoire 615 0$aExcavations (Archaeology) 615 0$aAntiquities. 615 0$aTombs. 615 0$aMegalithic monuments. 676 $a939.7 700 $aJoussaume$b Roger$0487389 801 0$bNjHacI 801 1$bNjHacl 906 $aBOOK 912 $a9910214951203321 996 $aMégalithisme dans le Chercher en Ethiopie$91740766 997 $aUNINA LEADER 01017cam a2200241 i 4500 001 991001235019707536 008 110527s2011 us 001 0 eng 020 $a9780521197489 035 $ab13982321-39ule_inst 082 04$a956.9405092 100 1 $aAronson, Shlomo$0475060 245 10$aDavid Ben-Gurion and the jewish renaissance /$cShlomo Aronson ; translated by Naftali Greenwood 260 $aNew York :$bCambridge University,$c2011 300 $axxii, 454 p. ;$c25 cm. 600 $aBen Gurion, David 700 1 $aGreenwood, Naftali 907 $a.b13982321$b22-09-14$c27-05-11 912 $a991001235019707536 945 $aLE023 956.9405 ARO 1 1 $g1$i2023000127223$lle023$o-$pE33.70$q-$rl$s- $t0$u1$v0$w1$x0$y.i15275218$z31-05-11 945 $aLE023 956.9405 ARO 1 1 bis$g1$i2023000167632$lle023$op$pE37.00$q-$rl$s- $t0$u0$v0$w0$x0$y.i15624638$z11-07-14 996 $aDavid Ben-Gurion and the jewish renaissance$9246302 997 $aUNISALENTO 998 $ale023$b27-05-11$cm$da $e-$feng$gus $h0$i0 LEADER 03365 am 2200589 n 450 001 9910341844603321 005 20190612 010 $a2-7535-6778-6 024 7 $a10.4000/books.pur.119109 035 $a(CKB)4100000009382746 035 $a(FrMaCLE)OB-pur-119109 035 $a(oapen)https://directory.doabooks.org/handle/20.500.12854/62353 035 $a(PPN)267960530 035 $a(EXLCZ)994100000009382746 100 $a20190927j|||||||| ||| 0 101 0 $afre 135 $auu||||||m|||| 181 $ctxt$2rdacontent 182 $cc$2rdamedia 183 $acr$2rdacarrier 200 13$aLe voisin et le migrant $eHommes et circulations dans les Pyrénées modernes (XVIe-XIXe siècle) /$fPatrice Poujade 210 $aRennes $cPresses universitaires de Rennes$d2019 215 $a1 online resource (372 p.) 311 $a2-7535-1266-3 330 $aLes Pyrénées : à la fois barrière et interface, frontière et trait d?union, zone de passage et d?échanges. C?est cette réalité qu?ausculte cet ouvrage. La montagne est une vaste zone de contacts dans laquelle se sont développées d?étroites solidarités entre les populations des deux versants, dépendant de souverainetés différentes. Mais les conflits, pratiquement omniprésents, sont-ils sans effet sur les populations frontalières, leurs activités économiques et leur façon d?appréhender le « voisin » de l?autre côté de la chaîne ? En un mot, les Pyrénéens vivaient-ils vraiment « en bons voisins » comme ils aimaient tant le proclamer, surtout lorsque ce « bon voisinage » était remis en cause ? À travers ces pages, les Pyrénées retrouvent aussi la place qui était la leur dans ce vaste espace transfrontalier qui unit le Massif central à la Catalogne et à l?Aragon. Ainsi, sont mis en lumière les réseaux commerciaux et de migrations allant des hautes terres d?Auvergne et du Limousin à l?intérieur ibérique. Au terme du parcours, ce travail éclaire la dynamique d?un espace dont les Pyrénées sont la colonne vertébrale. Cependant, force est de constater que, au fil du temps, la frontière est de plus en plus présente physiquement, mentalement, symboliquement, aidant à remettre en cause les vieilles solidarités et les relations frontalières, de voisinage ou de plus grand rayon, qui n?intéressaient pas les seuls autochtones. En effet, elles mobilisaient aussi des migrants qui, sur des distances assez honorables, donnaient une cohérence à cet espace transfrontalier et lui faisait, en quelque sorte, prendre corps. 517 $avoisin et le migrant 606 $aHistory 606 $aPyrénées 606 $amigration 606 $acirculation 606 $afrontières 606 $aéchanges commerciaux 606 $amobilité 610 $amobilité 610 $acirculation 610 $aPyrénées 610 $amigration 610 $afrontières 610 $aéchanges commerciaux 615 4$aHistory 615 4$aPyrénées 615 4$amigration 615 4$acirculation 615 4$afrontières 615 4$aéchanges commerciaux 615 4$amobilité 700 $aPoujade$b Patrice$01282137 801 0$bFR-FrMaCLE 906 $aBOOK 912 $a9910341844603321 996 $aLe voisin et le migrant$93032611 997 $aUNINA